| 000 | 02186nam a2200325Ia 4500 | ||
|---|---|---|---|
| 003 | PE SENCICO BE | ||
| 005 | 20251020182440.0 | ||
| 008 | 200515s9999 xx 000 0 und d | ||
| 020 | _a970-15-0221-3 | ||
| 040 |
_aPE SENCICO BE _cPE SENCICO BE |
||
| 041 | _aspa | ||
| 082 |
_a526.9 _bW82 |
||
| 100 | 1 |
_aWolf, Paul R. _9119 _eautor |
|
| 245 | 1 | 0 |
_aTopografía / _cPaul R. Wolf, Russell C. Brinker |
| 250 | _a9a ed. | ||
| 260 |
_aMéxico, D.F. : _bAlfaomega : _c1997 |
||
| 300 |
_axxiv, 834 páginas : _bilustraciones, tablas, gráficos ; _c23 cm. |
||
| 505 | 0 | _aTeoría de la medición y de los errores -- Registro de campo -- Medición de distancias: mediciones con cinta -- Medición electrónica de distancias -- Nivelación; teoría, métodos y equipo -- Nivelación: procedimientos de campo y de cálculo -- Ángulos, rumbos y acimut -- La brújula -- Tránsito, teodolito y estación total -- Trabajos de campo con tránsitos, teodolitos y estaciones totales -- Poligonales -- Cálculo de poligonales -- Determinación de áreas -- Estadía -- Levantamientos de configuración -- Cartografía -- Observaciones astronómicas -- Levantamientos de control -- Sistemas de levantamientos inerciales y por satélite -- Coordenadas planas estatales -- Levantamientos catastrales o deslindes -- Levantamientos de tierra de jurisdicción federal -- Levantamiento para construcciones -- Curvas horizontales -- Curvas verticales -- Determinación de volúmenes (cubicaciones) -- Fotogrametría -- Introducción a los sistemas de información geográfica | |
| 520 | 3 | _aSe enfatiza los temas y tecnologías que más afectan a la evolución de la topografía, como los Sistemas de Levantamiento por Satélite, GPS, uso de teodolitos digitales electrónicos e instrumentos de estación total con colectores de datos automáticos. | |
| 650 | 1 | 0 |
_aTopografía _94 |
| 650 | 2 | 0 |
_aCartografía _91 |
| 650 | 2 | 0 |
_aFotogrametría _9120 |
| 650 | 2 | 0 |
_aGPS _9911 |
| 650 | 2 | 0 |
_aNivelación de terrenos _93229 |
| 650 | 2 | 0 |
_aFotogrametría _9120 |
| 650 | 2 | 0 |
_aTeodolitos _93245 |
| 650 | 2 | 0 |
_aInstrumentos de topografía _9997 |
| 700 | 1 |
_93246 _aBrinker, Russell C. _eautor |
|
| 942 |
_cLIB _2ddc |
||
| 999 |
_c508 _d508 |
||